Hemp Hurds as Paper-Making Material : (Record no. 247110)
[ view plain ]
| 000 -LEADER | |
|---|---|
| fixed length control field | 00766cam a22002533a 4500 |
| 001 - CONTROL NUMBER | |
| control field | 17855 |
| 003 - CONTROL NUMBER IDENTIFIER | |
| control field | PGUSA |
| 005 - DATE AND TIME OF LATEST TRANSACTION | |
| control field | 20140828083359.0 |
| 008 - FIXED-LENGTH DATA ELEMENTS--GENERAL INFORMATION | |
| fixed length control field | 060225s2006||||xxu|||||s|||||000 | eng d |
| 040 ## - CATALOGING SOURCE | |
| Original cataloging agency | PGUSA |
| Language of cataloging | eng |
| 042 ## - AUTHENTICATION CODE | |
| Authentication code | dc |
| 050 #4 - LIBRARY OF CONGRESS CALL NUMBER | |
| Classification number | TS |
| 100 1# - MAIN ENTRY--PERSONAL NAME | |
| Personal name | Dewey, Lyster H. |
| Fuller form of name | (Lyster Hoxie), |
| Dates associated with a name | 1865-1944 |
| 245 10 - TITLE STATEMENT | |
| Title | Hemp Hurds as Paper-Making Material : |
| Remainder of title | United States Department of Agriculture, Bulletin No. 404 |
| Medium | [electronic resource] / |
| Statement of responsibility, etc | Lyster H. Dewey |
| 260 ## - PUBLICATION, DISTRIBUTION, ETC. (IMPRINT) | |
| Name of publisher, distributor, etc | Project Gutenberg, |
| Date of publication, distribution, etc | 2006 |
| 506 ## - RESTRICTIONS ON ACCESS NOTE | |
| Terms governing access | Public domain in the USA. |
| 516 ## - TYPE OF COMPUTER FILE OR DATA NOTE | |
| Type of computer file or data note | Electronic text |
| 653 ## - INDEX TERM--UNCONTROLLED | |
| Uncontrolled term | Paper industry |
| 653 ## - INDEX TERM--UNCONTROLLED | |
| Uncontrolled term | Hemp |
| 653 ## - INDEX TERM--UNCONTROLLED | |
| Uncontrolled term | Fiber plants |
| 830 #0 - SERIES ADDED ENTRY--UNIFORM TITLE | |
| Uniform title | Project Gutenberg |
| Volume number/sequential designation | 17855 |
| 856 40 - ELECTRONIC LOCATION AND ACCESS | |
| Uniform Resource Identifier | <a href="http://www.gutenberg.org/ebooks/17855">http://www.gutenberg.org/ebooks/17855</a> |
| 942 ## - ADDED ENTRY ELEMENTS (KOHA) | |
| Koha item type | eBooks |
| Withdrawn status | Lost status | Damaged status | Home library | Current library | Date acquired | Total Checkouts | Date last seen | Price effective from | Koha item type |
|---|---|---|---|---|---|---|---|---|---|
| Project Gutenberg | Project Gutenberg | 08/28/2014 | 08/28/2014 | 08/28/2014 | eBooks |